Bankruptcy Law, Capital Allocation, and Aggregate Effects <A> Dynamic Heterogeneous Agent Model with Incomplete Markets

Salvato in:
Dettagli Bibliografici
Autore principale: Zha, Tao
Natura: Libro
Lingua:inglese
Pubblicazione: Atlanta Federal Reserve Bank of Atlanta 1995
Edizione:1. ed.
Serie:Working Paper 95-8
Soggetti:
Tags: Aggiungi Tag
Nessun Tag, puoi essere il primo ad aggiungerne!!

MARC

LEADER 00000nam a2200000 4500
001 c012609
005 20221214070733.1
041 0 |a eng 
044 |a US 
245 1 0 |a Bankruptcy Law, Capital Allocation, and Aggregate Effects  |b <A> Dynamic Heterogeneous Agent Model with Incomplete Markets  |c Tao Zha 
250 |a 1. ed. 
264 1 |a Atlanta  |b Federal Reserve Bank of Atlanta  |c 1995 
300 |a 28 s. 
490 1 |a Working Paper  |v 95-8 
830 0 |a Working Paper  |v 95-8 
610 2 0 |a právo 
610 2 0 |a konkurzy 
610 2 0 |a kapitál finančný 
610 2 0 |a modely 
610 2 0 |a sprostredkovatelia 
610 2 0 |a trh 
100 1 |a Zha, Tao